| 000 | 00304nam a2200109Ia 4500 | ||
|---|---|---|---|
| 008 | 230907s9999||||xx |||||||||||||| ||und|| | ||
| 082 |
_a621.38152 _bSEM |
||
| 245 | 0 | _aSemiconductor materials for solar photovoltaic cells / | |
| 260 |
_aSpringer, _bNew York : _c2016 |
||
| 300 | _axiv, 279 p.: | ||
| 942 | _cBK | ||
| 999 |
_c597488 _d597488 |
||